00554nam a22001457a 4500003000400000005001700004008004100021040001400062100002700076245013800103260000900241300002800250500009900278504003100377OSt20171010095458.0120720t xxu||||| |||| 00| 0 eng d aMMSUcULS aCatabay, Christeen P.  aPotential toxicity of Codium sp. and Caulerpa sp. from Currimao, Ilocos Norte using brine shrimp toxicity testcChristeen P. Catabay  c2008 axxi, 65 leaves c28 cm. aThesis (BS Biology) -- Mariano Marcos State University-College of Arts & Sciences, Batac City  aBibliography: leaves 34-35